000 01335nam0a2200301 4500
001 RU\NLR\BIBL_A\011250331
005 20250626033350.0
035 _a(NLR Aleph) 011250331
090 _a12163431
_c12163431
100 _a20161019d1972 |||y0rusy50 ca
101 0 _asah
102 _aRU
105 _ay z 000 y
200 1 _aХортуоппуй ыһыытын көрүү-харайыы
_fН. С. Фёдоров
210 _aЯкутскай
_cСаха сиринээҕи кинигэ изд-вота
_d1972
215 _a9,[1] с.
_d14
225 1 _aХортуоппуйу уонна оҕоруот аһын үүннэрээччи библиотечката
300 _aБез тит. л. Описано по обл.
309 _aВлож. с 13 др. книгами в манжету с загл.: Агортехникаҕа уонна үлэни эрийигэ сүбэлэр
540 1 _aАгротехникаҕа уонна үлэни эрийигэ сүбэлэр
541 1 _aУход за посевами картофеля
_zrus
606 1 _aКартофель
_9974472
_3RU\NLR\AUTH\66366015
686 1 _aП215.1-46
700 1 _aФедоров
_bН.С.
_gНиколай Степанович
_4070
852 _aNLR
_bОНЛ
_jЯкут./2-1870
942 _cBOOK
980 _aNB